<?xml version='1.0' encoding='UTF-8'?><?xml-stylesheet href='static/style.xsl' type='text/xsl'?><OAI-PMH xmlns="http://www.openarchives.org/OAI/2.0/" xmlns:xsi="http://www.w3.org/2001/XMLSchema-instance" xsi:schemaLocation="http://www.openarchives.org/OAI/2.0/ http://www.openarchives.org/OAI/2.0/OAI-PMH.xsd"><responseDate>2026-06-06T23:25:37Z</responseDate><request verb="GetRecord" identifier="oai:ebiltegia.mondragon.edu:20.500.11984/14488" metadataPrefix="marc">https://ebiltegia.mondragon.edu/oai/request</request><GetRecord><record><header><identifier>oai:ebiltegia.mondragon.edu:20.500.11984/14488</identifier><datestamp>2026-06-04T06:15:40Z</datestamp><setSpec>com_20.500.11984_473</setSpec><setSpec>com_20.500.11984_14090</setSpec><setSpec>col_20.500.11984_477</setSpec></header><metadata><record xmlns="http://www.loc.gov/MARC21/slim" xmlns:dcterms="http://purl.org/dc/terms/" xmlns:xsi="http://www.w3.org/2001/XMLSchema-instance" xmlns:doc="http://www.lyncode.com/xoai" xsi:schemaLocation="http://www.loc.gov/MARC21/slim http://www.loc.gov/standards/marcxml/schema/MARC21slim.xsd">
   <leader>00925njm 22002777a 4500</leader>
   <datafield ind2=" " ind1=" " tag="042">
      <subfield code="a">dc</subfield>
   </datafield>
   <datafield ind2=" " ind1=" " tag="720">
      <subfield code="a">Pérez moreno, Jimena</subfield>
      <subfield code="e">author</subfield>
   </datafield>
   <datafield ind2=" " ind1=" " tag="720">
      <subfield code="a">Bernaldo de Quiros, Esther</subfield>
      <subfield code="e">author</subfield>
   </datafield>
   <datafield ind2=" " ind1=" " tag="720">
      <subfield code="a">Tolin, Mar</subfield>
      <subfield code="e">author</subfield>
   </datafield>
   <datafield ind2=" " ind1=" " tag="720">
      <subfield code="a">Alvarez Calatayud, Guillermo</subfield>
      <subfield code="e">author</subfield>
   </datafield>
   <datafield ind2=" " ind1=" " tag="720">
      <subfield code="a">Perezábad, Laura</subfield>
      <subfield code="e">author</subfield>
   </datafield>
   <datafield ind2=" " ind1=" " tag="720">
      <subfield code="a">Sánchez Sánchez, César</subfield>
      <subfield code="e">author</subfield>
   </datafield>
   <datafield ind2=" " ind1=" " tag="720">
      <subfield code="a">Correa-Rocha, Rafael</subfield>
      <subfield code="e">author</subfield>
   </datafield>
   <datafield ind2=" " ind1=" " tag="260">
      <subfield code="c">2025</subfield>
   </datafield>
   <datafield ind2=" " ind1=" " tag="520">
      <subfield code="a">The pathophysiology of non-IgE-mediated cow’s milk allergy&#xd;
is mostly unknown. Previous studies suggested a mechanism mediated by T cells, but this was not confirmed in subsequent studies. The aim of this study was to investigate the immunological mechanisms, especially the role of regulatory T cells (Tregs), in the pathophysiology of allergic proctocolitis (FPIAP). Methods: A prospective observational study was conducted on infants with FPIAP and a control group of healthy infants with similar ages. The main variables were lymphocyte populations, included Tregs, which were extracted from peripheral blood and processed immediately by flow cytometry at two time points: in the acute phase (“T0”) and after clinical resolution (“Tres”). Results: A total of 32 patients with FPIAP and 10 healthy infants were enrolled. There was a higher T-CD4 memory cell count, increased numbers of regulatory B cells and a higher percentage of Tregs (p &lt; 0.01) in patients with acute FPIAP in contrast to the healthy group. The&#xd;
levels of granulocytes (mainly eosinophils), dendritic cells (mDC2) and NK16+56- cells were also significantly higher in the FPIAP group. NK16+56- cells and the number of granulocytes appeared to be the best markers for distinguishing between the healthy and&#xd;
FPIAP infants based on the ROC curves. Conclusions: FPIAP does not appear to have an immune mechanism mediated by T cells, but it may be associated with innate immunity responses characterized by an increase in NK16+56- cells, eosinophils and dendritic cells. These cells could be evaluated in future studies as possible markers of non-IgE-mediated cow’s milk protein allergy</subfield>
   </datafield>
   <datafield ind1="8" ind2=" " tag="024">
      <subfield code="a">2227-9067</subfield>
   </datafield>
   <datafield ind1="8" ind2=" " tag="024">
      <subfield code="a">https://hdl.handle.net/20.500.11984/14488</subfield>
   </datafield>
   <datafield tag="653" ind2=" " ind1=" ">
      <subfield code="a">cow’s milk protein allergy</subfield>
   </datafield>
   <datafield tag="653" ind2=" " ind1=" ">
      <subfield code="a">non-IgE-mediated cow’s milk allergy</subfield>
   </datafield>
   <datafield tag="653" ind2=" " ind1=" ">
      <subfield code="a">FPIAP</subfield>
   </datafield>
   <datafield tag="653" ind2=" " ind1=" ">
      <subfield code="a">food allergy</subfield>
   </datafield>
   <datafield tag="653" ind2=" " ind1=" ">
      <subfield code="a">regulatory T cells</subfield>
   </datafield>
   <datafield ind2="0" ind1="0" tag="245">
      <subfield code="a">The Immunological Mechanisms Involved in the Pathophysiology of Allergic Proctocolitis</subfield>
   </datafield>
</record></metadata></record></GetRecord></OAI-PMH>